Fluid mechanics : (Record no. 6748)

MARC details
000 -LEADER
fixed length control field 00621nam a22002177a 4500
003 - CONTROL NUMBER IDENTIFIER
control field OSt
005 - DATE AND TIME OF LATEST TRANSACTION
control field 20200311160625.0
008 - FIXED-LENGTH DATA ELEMENTS--GENERAL INFORMATION
fixed length control field 200311b ||||| |||| 00| 0 eng d
020 ## - INTERNATIONAL STANDARD BOOK NUMBER
International Standard Book Number 0750627670
040 ## - CATALOGING SOURCE
Transcribing agency 040a
082 ## - DEWEY DECIMAL CLASSIFICATION NUMBER
Classification number 532 LAN 1987
100 ## - MAIN ENTRY--PERSONAL NAME
Personal name Landau, L.D
9 (RLIN) 7959
245 ## - TITLE STATEMENT
Title Fluid mechanics :
Remainder of title course of theoretical physics /
Statement of responsibility, etc. L.D Landau, E.M Lifshitz
250 ## - EDITION STATEMENT
Edition statement 2nd.ed. Vol.6
260 ## - PUBLICATION, DISTRIBUTION, ETC. (IMPRINT)
Place of publication, distribution, etc. Amsterdam
Name of publisher, distributor, etc. Elsevier
Date of publication, distribution, etc. 1987
300 ## - PHYSICAL DESCRIPTION
Extent xiii, 539;
Other physical details ill :
Dimensions 20 cm.
504 ## - BIBLIOGRAPHY, ETC. NOTE
Bibliography, etc Includes bibliographical references and index
650 ## - SUBJECT ADDED ENTRY--TOPICAL TERM
Source of heading or term Physics
700 ## - ADDED ENTRY--PERSONAL NAME
Personal name Lifshitz, E. M
9 (RLIN) 7962
942 ## - ADDED ENTRY ELEMENTS (KOHA)
Source of classification or shelving scheme Dewey Decimal Classification
Koha item type Open Shelf
Holdings
Withdrawn status Lost status Source of classification or shelving scheme Damaged status Not for loan Home library Current library Date acquired Source of acquisition Inventory number Total Checkouts Full call number Barcode Date last seen Price effective from Koha item type
    Dewey Decimal Classification     MUST Main Library MUST Main Library 11/03/2020 Purchase 2008/31083   532 LAN 1987 2020-0692 11/03/2020 11/03/2020 Open Shelf